Χώρες με Έξι Γράμματα - Statistics

General Stats
  • This quiz has been taken 17 times
  • The average score is 12 of 21
Answer Stats
Ήπειρο Χώρα % Correct
Ευρώπη Ιταλία
93%
Ευρώπη Ελλάδα
86%
Ευρώπη Βέλγιο
79%
Ευρώπη Γαλλία
79%
Ευρώπη Κόσοβο
79%
Βόρεια Αμερική Μεξικό
79%
Αφρική Μαρόκο
71%
Ευρώπη Σερβία
64%
Ασία Ταϊβάν
64%
Ασία Ισραήλ
57%
Ασία Κύπρος
57%
Αφρική Σουδάν
57%
Ευρώπη Τσεχία
57%
Αφρική Ζάμπια
50%
Αφρική Λεσότο
50%
Ευρώπη Μονακό
50%
Ασία Υεμένη
50%
Αφρική Μπενίν
36%
Ωκεανία Παλάου
36%
Βόρεια Αμερική Μπελίζ
29%
Ωκεανία Τόνγκα
21%
No matching quizzes found
Score Distribution
Percent of People with Each Score
Percentile by Number Answered
Your Score History
You have not taken this quiz